000 01071nam a22002657a 4500
999 _c28988
_d28959
003 EG-ScBUE
005 20201024103256.0
008 200219s2007 ua o f b 000 0 ara d
017 _a21207/2006
020 _a9776163531
040 _aEG-ScBUE
_bara
_erda
_cEG-ScBUE
_dEG-ScBUE
082 0 4 _a720.917671
_bس ر ا
_222
100 1 _aسراج الدين، إسماعيل،
_d1944-
_eمؤلف.
245 1 2 _aالتجديد والتأصيل في عمارة المجتمعات الإسلامية :
_bتجربة جائزة الاغا خان للعمارة /
_cإسماعيل سراج الدين.
264 1 _aالإسكندرية :
_bمكتبة الإسكندرية،
_c2007.
300 _a625 ص. :
_bصور ؛
_c30 سم
336 _2rdacontent
_aنص
_btxt
337 _2rdamedia
_aبدون وسيط
_bn
338 _2rdacarrier
_aمجلد
_bnc
504 _aيشتمل على إرجاعات ببليوجرافية.
650 7 _aالعمارة الاسلامية
_x‪جوائز.
_2BUEsh
653 _bENGARC
_cOctober2020
655 _vReading book
_934232
942 _2ddc